Т. 18, № 6; Физическая мезомеханика

Bibliografische gegevens
Parent link:Физическая мезомеханика/ Институт физики прочности и материаловедения ; Российская академия наук (РАН), Сибирское отделение (СО), Институт физики прочности и материаловедения (ИФПМ). Т. 18, № 6.— , 1998-
Taal:Russisch
Gepubliceerd in: 2015
Formaat: Boek
KOHA link:https://koha.lib.tpu.ru/cgi-bin/koha/opac-detail.pl?biblionumber=557185

MARC

LEADER 00000nam2a2200000 4500
001 557185
005 20231101122059.0
035 |a (RuTPU)RU\TPU\prd\251592 
090 |a 557185 
100 |a 20160205a19989999k y0rusy50 ca 
101 0 |a rus 
102 |a RU 
200 0 |a Т. 18, № 6 
210 |d 2015 
461 1 |0 (RuTPU)RU\TPU\prd\353  |t Физическая мезомеханика  |f Институт физики прочности и материаловедения ; Российская академия наук (РАН), Сибирское отделение (СО), Институт физики прочности и материаловедения (ИФПМ)  |v Т. 18, № 6  |d 1998- 
801 0 |a RU  |b 63413507  |c 20010227  |g PSBO 
801 1 |a RU  |b 63413507  |c 20160205 
801 2 |a RU  |b 63413507  |c 20230623  |g RCR 
942 |c BK 
999 |a НТБ_ТПУ  |b НФ  |e -1/20160111  |p П-9245  |s 1/20150608  |u 0,00  |v 1